00337nam a2200145Ia 4500008004100000020001500041041000800056082001000064100001600074260003600090245002800126300000700154650001700161650001300178220805s9999 xx 000 0 und d a8172290721 aeng a294.5 aGandhi,M.K. bNavjivan Publishing housec1959 aThe massage of the Gita a56 aBhagavatgita aReligion